[Event "Campionato Italiano Femminile"]
[Site "Bratto"]
[Date "2002.08.25"]
[Round "6"]
[White "Dieni, Eleonora"]
[Black "Panella, Fiammetta"]
[Result "1/2-1/2"]
[WhiteElo "1600"]
[BlackElo "1693"]
[PlyCount "83"]
[EventDate "2002.08.20"]
[SourceDate "2002.09.07"]

1. e4 c5 2. Nf3 e6 3. Nc3 a6 4. d4 cxd4 5. Nxd4 Qc7 6. Be3 Nf6 7. Bd3 Bb4 8.
Nde2 d5 9. a3 dxe4 10. axb4 exd3 11. Qxd3 O-O 12. Bg5 Nfd7 13. O-O f6 14. Bf4
e5 15. Nd5 Qd8 16. Be3 Nc6 17. Rfe1 f5 18. f4 h6 19. Ng3 e4 20. Qc4 Kh7 21. Bd4
Nxd4 22. Qxd4 Nf6 23. Nxf6+ Qxf6 24. Qxf6 Rxf6 25. c3 g5 26. fxg5 hxg5 27. Ne2
f4 28. Nd4 e3 29. h3 Bd7 30. Ra5 Rg8 31. g4 Kh6 32. Kg2 Re8 33. Kf3 Bc6+ 34.
Nxc6 Rxc6 35. Rd5 Ree6 36. Red1 Kg6 37. Ke2 Kf6 38. Rf5+ Kg6 39. Rfd5 Rc8 40.
Rd6 Kf6 41. R1d5 f3+ 42. Kxf3 1/2-1/2

[Event "Campionato Italiano Femminile"]
[Site "Bratto"]
[Date "2002.08.25"]
[Round "6"]
[White "Nenzi, Laura"]
[Black "Sautto, Alessandra"]
[Result "0-1"]
[WhiteElo "1591"]
[BlackElo "1677"]
[PlyCount "92"]
[EventDate "2002.08.20"]
[SourceDate "2002.09.07"]

1. e4 e6 2. d4 d5 3. e5 c5 4. c3 Qb6 5. a3 Nc6 6. Nf3 Bd7 7. b4 cxd4 8. cxd4
Rc8 9. Be2 Nge7 10. Bb2 Ng6 11. Qd2 a6 12. Nc3 Na7 13. O-O Be7 14. Rac1 O-O 15.
Bd3 a5 16. Na2 axb4 17. Nxb4 Bb5 18. Bxb5 Nxb5 19. Kh1 Nc7 20. Rc2 Na6 21. Nxa6
Qxa6 22. Ra1 b5 23. Qc1 Rxc2 24. Qxc2 Rc8 25. Qd3 Qa4 26. Bc3 Qc4 27. Qxc4 bxc4
28. g3 Nf8 29. Bb4 Bxb4 30. axb4 Rb8 31. Rb1 Nd7 32. Ng1 Nb6 33. Ne2 Na4 34.
Kg2 Kf8 35. f4 Ke7 36. Kf3 Kd7 37. Ke3 Kc6 38. Kd2 Kb5 39. Nc3+ Nxc3 40. Kxc3
Ra8 41. Kb2 Ra4 42. g4 Rxb4+ 43. Kc2 Rxb1 44. Kxb1 g6 45. Kc2 Kb4 46. g5 c3 0-1

[Event "Campionato Italiano Femminile"]
[Site "Bratto"]
[Date "2002.08.25"]
[Round "6"]
[White "Sirletti, Sonia"]
[Black "Ambrosi, Eleonora"]
[Result "1/2-1/2"]
[WhiteElo "1786"]
[BlackElo "2067"]
[PlyCount "133"]
[EventDate "2002.08.20"]
[SourceDate "2002.09.07"]

1. d4 d5 2. c4 dxc4 3. e3 Nf6 4. Bxc4 e6 5. Nc3 c5 6. Nf3 a6 7. a4 Nc6 8. O-O
Qc7 9. Qe2 Bd6 10. dxc5 Bxc5 11. e4 Nd4 12. Nxd4 Bxd4 13. h3 O-O 14. Rd1 Qc5
15. Ba2 b6 16. Bd2 Bb7 17. Rac1 Qe5 18. Bb1 Rfd8 19. Be3 Bxc3 20. Rxd8+ Rxd8
21. Rxc3 Qa5 22. Rd3 Rc8 23. Qd1 b5 24. axb5 axb5 25. f3 e5 26. Bc5 h6 27. b4
Qa1 28. Bc2 Qxd1+ 29. Bxd1 Bc6 30. Bb3 Nd7 31. Bf2 Nf6 32. Bg3 Nd7 33. Bd5 Nb6
34. Bxc6 Rxc6 35. Bxe5 Rc1+ 36. Kh2 Rc4 37. Bd6 Kh7 38. Bc5 Na4 39. Rd5 Nc3 40.
Rd7 Kg6 41. Rd4 Rxd4 42. Bxd4 Na2 43. Bc5 Kf6 44. f4 g6 45. Kg3 Ke6 46. Kf3 Nc3
47. g4 f5 48. exf5+ gxf5 49. g5 h5 50. Bf8 Nd5 51. Kg3 Kf7 52. Bc5 Kg6 53. Bd6
Kf7 54. Kf3 Ke6 55. Bc5 Kf7 56. h4 Ke6 57. Bd4 Nxb4 58. g6 Nd5 59. g7 Kf7 60.
Be5 Ne7 61. Bb2 b4 62. Ba1 Nd5 63. Be5 Nb6 64. Ke2 Nd5 65. Kd3 Ne7 66. Kc4 Kg6
67. Kxb4 1/2-1/2

[Event "Campionato Italiano Femminile"]
[Site "Bratto"]
[Date "2002.08.25"]
[Round "6"]
[White "Tonel, Giulia"]
[Black "Brunello, Marina"]
[Result "1-0"]
[WhiteElo "1500"]
[BlackElo "1500"]
[PlyCount "29"]
[EventDate "2002.08.20"]
[SourceDate "2002.09.07"]

1. e4 e5 2. Nf3 Nc6 3. Bc4 Bc5 4. c3 Nf6 5. d3 O-O 6. O-O d5 7. exd5 Nxd5 8.
Bb3 Bg4 9. Nbd2 Bb6 10. Ne4 Nf4 11. Bc2 Re8 12. Ng3 Qd5 13. Ne4 f5 14. Bb3 Qxb3
15. Qxb3+ 1-0

[Event "Campionato Italiano Femminile"]
[Site "Bratto"]
[Date "2002.08.25"]
[Round "6"]
[White "Vittimberga, Valeria"]
[Black "Clappa, Ilaria"]
[Result "0-1"]
[WhiteElo "1482"]
[BlackElo "1561"]
[PlyCount "84"]
[EventDate "2002.08.20"]
[SourceDate "2002.09.07"]

1. e4 e6 2. d4 d5 3. e5 c5 4. c3 Qb6 5. Nf3 Bd7 6. a4 Nc6 7. Be2 cxd4 8. cxd4
Nge7 9. Na3 Nf5 10. Nc2 Rc8 11. O-O Na5 12. Ne3 Nb3 13. a5 Nxa5 14. Nxf5 exf5
15. Nd2 Be7 16. Bf3 Be6 17. Qa4+ Nc6 18. Nb3 O-O 19. Bd2 f6 20. Rfe1 fxe5 21.
dxe5 d4 22. Nc1 Qxb2 23. Rd1 Nxe5 24. Be2 Rc2 25. Nd3 Nxd3 26. Rdb1 Rc4 27.
Rxb2 Rxa4 28. Rxa4 Nxb2 29. Rxa7 Bd5 30. Bc1 d3 31. Bf1 Bc5 32. Ra5 b6 33. Rb5
Nc4 34. Bxd3 Re8 35. Kf1 Nd6 36. Rb2 Ne4 37. Re2 Ra8 38. Rb2 Ra2 39. Bb1 Ra7
40. Bd3 Rd7 41. g4 Nxf2 42. Bxf5 Rf7 {seguito illeggibile} 0-1

[Event "Campionato Italiano Femminile"]
[Site "Bratto"]
[Date "2002.08.26"]
[Round "7"]
[White "Brunello, Marina"]
[Black "Nenzi, Laura"]
[Result "0-1"]
[WhiteElo "1500"]
[BlackElo "1591"]
[PlyCount "76"]
[EventDate "2002.08.20"]
[SourceDate "2002.09.07"]

1. e4 e5 2. Nf3 Nc6 3. d4 exd4 4. Nxd4 d6 5. Nc3 Nf6 6. Bg5 Be7 7. Bb5 Bd7 8.
O-O O-O 9. Bxc6 bxc6 10. Qd2 h6 11. Bh4 Rb8 12. Rab1 Nxe4 13. Qf4 Nxc3 14. Bxe7
Qxe7 15. bxc3 Rfe8 16. Qd2 d5 17. Rxb8 Rxb8 18. Re1 Qf6 19. h3 Rb2 20. Qd3 Rxa2
21. Nf3 Bf5 22. Qe3 Be4 23. Nd2 Rxc2 24. Nxe4 dxe4 25. Qxa7 Rxc3 26. Rd1 Qe5
27. Qb8+ Kh7 28. Qb1 Rc5 29. Re1 f5 30. Qb3 Qc3 31. Qb1 Rb5 32. Qd1 Rd5 33. Qb1
Qe5 34. Qb7 Qd6 35. Rc1 c5 36. Qa7 Rd1+ 37. Rxd1 Qxd1+ 38. Kh2 Qd6+ 0-1

[Event "Campionato Italiano Femminile"]
[Site "Bratto"]
[Date "2002.08.26"]
[Round "7"]
[White "Brunello, Roberta"]
[Black "Bertozzi, Anna"]
[Result "0-1"]
[WhiteElo "1600"]
[BlackElo "1479"]
[PlyCount "60"]
[EventDate "2002.08.20"]
[SourceDate "2002.09.07"]

1. e4 e5 2. Nf3 Nc6 3. d4 exd4 4. Nxd4 Bc5 5. Be3 d6 6. Nxc6 bxc6 7. Bxc5 dxc5
8. Qxd8+ Kxd8 9. Nc3 Rb8 10. b3 Nf6 11. Bd3 Re8 12. O-O-O Rb4 13. Bb5+ Rd4 14.
Bxc6 Bd7 15. Bxd7 Kxd7 16. f3 Kc8 17. Rhe1 Red8 18. Ne2 R4d7 19. Rxd7 Rxd7 20.
Rd1 Re7 21. Rd3 Re6 22. Kb2 Rb6 23. Rc3 Nd7 24. Nf4 Rf6 25. Nd5 Re6 26. Kc1 Kd8
27. Kd2 Rd6 28. Rd3 Ne5 29. Rc3 c6 30. f4 Nd7 0-1

[Event "Campionato Italiano Femminile"]
[Site "Bratto"]
[Date "2002.08.26"]
[Round "7"]
[White "Castellano, Fulvia"]
[Black "Vittimberga, Valeria"]
[Result "0-1"]
[WhiteElo "1495"]
[BlackElo "1482"]
[PlyCount "128"]
[EventDate "2002.08.20"]
[SourceDate "2002.09.07"]

1. e4 e6 2. d4 d5 3. e5 c5 4. c3 Qb6 5. Nf3 Nc6 6. a3 c4 7. Be2 Bd7 8. O-O Na5
9. Nbd2 Nh6 10. Rb1 Be7 11. Re1 Rc8 12. Nf1 Nf5 13. Bd2 Nb3 14. Ne3 Nxe3 15.
Bxe3 Ba4 16. Nd2 O-O 17. Nxb3 cxb3 18. Qd2 f6 19. f4 Bb5 20. Bxb5 Qxb5 21. Qe2
Qd7 22. Qg4 f5 23. Qh3 a5 24. Kh1 Qe8 25. g4 fxg4 26. Qxg4 Qf7 27. Rg1 g6 28.
Rbf1 Qf5 29. Qxf5 Rxf5 30. Rg4 b5 31. Bd2 Rcf8 32. h4 Rh5 33. Be1 Rff5 34. Kg2
a4 35. Bg3 Kf7 36. Kf3 Ke8 37. Ke2 Kd7 38. Rf2 Rf8 39. Kd3 Rc8 40. Rf1 Rf5 41.
Rh1 Kc6 42. Kd2 Rf7 43. h5 Rg8 44. hxg6 hxg6 45. Ke3 g5 46. Ke2 Rfg7 47. fxg5
Rxg5 48. Rxg5 Bxg5 49. Rf1 Bd8 50. Be1 Rg2+ 51. Rf2 Rxf2+ 52. Bxf2 Be7 53. Kd1
Kd7 54. Be3 Ke8 55. Bc1 Kf7 56. Ke2 Kg6 57. Kf2 Kf5 58. Kf3 Bf8 59. Kf2 Ke4 60.
Ke2 Be7 61. Ke1 Kd3 62. Kd1 Bxa3 63. bxa3 Kxc3 64. Bd2+ Kxd4 0-1

[Event "Campionato Italiano Femminile"]
[Site "Bratto"]
[Date "2002.08.26"]
[Round "7"]
[White "Clappa, Ilaria"]
[Black "Bianchini, Aurora"]
[Result "1/2-1/2"]
[WhiteElo "1561"]
[BlackElo "1552"]
[PlyCount "48"]
[EventDate "2002.08.20"]
[SourceDate "2002.09.07"]

1. d4 Nf6 2. c4 c5 3. d5 e6 4. Nc3 exd5 5. cxd5 d6 6. e4 g6 7. Be2 Bg7 8. Nf3
O-O 9. Nd2 Nbd7 10. Nc4 Nb6 11. O-O Nxc4 12. Bxc4 a6 13. a4 Re8 14. Re1 Ng4 15.
Be2 Qh4 16. Bxg4 Bxg4 17. Qd3 Bf5 18. g3 Qh3 19. Bf4 Bg4 20. Bxd6 Rac8 21. Bf4
c4 22. Qf1 Qxf1+ 23. Kxf1 Bxc3 24. bxc3 Bf3 1/2-1/2

[Event "Campionato Italiano Femminile"]
[Site "Bratto"]
[Date "2002.08.26"]
[Round "7"]
[White "Decataldo, Alba"]
[Black "Dieni, Eleonora"]
[Result "1-0"]
[WhiteElo "1899"]
[BlackElo "1600"]
[PlyCount "77"]
[EventDate "2002.08.20"]
[SourceDate "2002.09.07"]

1. e4 e5 2. Nf3 Nc6 3. Bb5 Nf6 4. O-O d6 5. d4 Bd7 6. Re1 a6 7. Bc4 Bg4 8. d5
Nd4 9. Nbd2 g6 10. c3 Nxf3+ 11. Nxf3 Bg7 12. Bg5 Qd7 13. a4 a5 14. Qd3 O-O 15.
Nd2 Qc8 16. h3 Bd7 17. Qe3 Re8 18. Be2 c6 19. Nc4 Qc7 20. Nb6 Rab8 21. c4 c5
22. Nxd7 Nxd7 23. Bh6 Qd8 24. Bxg7 Kxg7 25. Qc3 b6 26. f4 Qh4 27. Rf1 Kg8 28.
Qe3 exf4 29. Rxf4 Qe7 30. Bd3 Ne5 31. Raf1 Kg7 32. b3 Rf8 33. Bc2 Rbe8 34. Qg3
Rd8 35. h4 Rde8 36. h5 Rd8 37. Rf6 Qxf6 38. h6+ Kg8 39. Rxf6 1-0

[Event "Campionato Italiano Femminile"]
[Site "Bratto"]
[Date "2002.08.26"]
[Round "7"]
[White "Fittante, Giuliana"]
[Black "Sirletti, Sonia"]
[Result "0-1"]
[WhiteElo "1794"]
[BlackElo "1786"]
[PlyCount "71"]
[EventDate "2002.08.20"]
[SourceDate "2002.09.07"]

1. Nf3 Nf6 2. d4 g6 3. b3 Bg7 4. Bb2 d6 5. g3 O-O 6. Bg2 Nbd7 7. c4 c6 8. O-O
Re8 9. Nc3 e5 10. dxe5 dxe5 11. e4 Qc7 12. Qc2 a5 13. a3 Nc5 14. Rfd1 a4 15. b4
Nb3 16. Rab1 b5 17. cxb5 cxb5 18. Qe2 Ba6 19. Nd5 Nxd5 20. Rxd5 Rac8 21. Rbd1
Qc2 22. Qxc2 Rxc2 23. Bxe5 Bxe5 24. Nxe5 Ra2 25. Rd8 Kf8 26. Nc6 Rxd8 27. Rxd8+
Kg7 28. Bf1 Rxa3 29. Kg2 Ra2 30. Rb8 a3 31. Rb6 Bc8 32. Bxb5 Rd2 33. Na5 Nxa5
34. bxa5 a2 35. Rb8 a1=Q 36. Rxc8 0-1

[Event "Campionato Italiano Femminile"]
[Site "Bratto"]
[Date "2002.08.26"]
[Round "7"]
[White "Panella, Fiammetta"]
[Black "Costantini, Laura"]
[Result "0-1"]
[WhiteElo "1693"]
[BlackElo "2047"]
[PlyCount "64"]
[EventDate "2002.08.20"]
[SourceDate "2002.09.07"]

1. e4 c5 2. Nf3 d6 3. d4 cxd4 4. Nxd4 Nf6 5. Nc3 a6 6. Bg5 e6 7. f4 Qc7 8. Qf3
b5 9. Bd3 Bb7 10. g4 Be7 11. Nce2 Nbd7 12. Bxf6 Bxf6 13. g5 Bxd4 14. Nxd4 d5
15. exd5 Bxd5 16. Be4 Nb6 17. Bxd5 Nxd5 18. Rf1 O-O 19. O-O-O Rac8 20. Rd2 Rfd8
21. Rdf2 Nb4 22. Qb3 Qc5 23. Qe3 Nxa2+ 24. Kb1 Nb4 25. c3 Nd5 26. Qg3 b4 27.
Rc2 bxc3 28. bxc3 Rb8+ 29. Kc1 Qa3+ 30. Kd2 Nb4 31. Rcc1 Rbc8 32. Rf3 Rxd4+ 0-1

[Event "Campionato Italiano Femminile"]
[Site "Bratto"]
[Date "2002.08.26"]
[Round "7"]
[White "Santurbano, Maria Vincenza"]
[Black "Tonel, Giulia"]
[Result "1-0"]
[WhiteElo "1743"]
[BlackElo "1500"]
[PlyCount "61"]
[EventDate "2002.08.20"]
[SourceDate "2002.09.07"]

1. d4 d5 2. c4 e6 3. Nc3 Nf6 4. Nf3 Be7 5. e3 O-O 6. Bd3 b6 7. cxd5 exd5 8. O-O
Re8 9. Ne5 Bd6 10. f4 c6 11. Bd2 Qc7 12. Rc1 Bb7 13. Nb5 Qd8 14. Nxd6 Qxd6 15.
Qf3 Ne4 16. Bc3 Nxc3 17. Bxh7+ Kf8 18. bxc3 Qh6 19. Bd3 Re7 20. Qg4 Ke8 21. Rf3
Kd8 22. Rh3 Bc8 23. Rxh6 Bxg4 24. Rh8+ Kc7 25. Nxg4 Kd6 26. c4 dxc4 27. Bxc4 b5
28. Bd3 g6 29. Kf2 a5 30. Ne5 Rb7 31. Nxc6 1-0

[Event "Campionato Italiano Femminile"]
[Site "Bratto"]
[Date "2002.08.26"]
[Round "7"]
[White "Sautto, Alessandra"]
[Black "Ambrosi, Eleonora"]
[Result "1/2-1/2"]
[WhiteElo "1677"]
[BlackElo "2067"]
[PlyCount "85"]
[EventDate "2002.08.20"]
[SourceDate "2002.09.07"]

1. e4 c5 2. Ne2 e6 3. Nbc3 Nc6 4. g3 Nd4 5. Bg2 g6 6. d3 Bg7 7. O-O Ne7 8. Nxd4
cxd4 9. Ne2 O-O 10. f4 d6 11. Kh1 e5 12. c3 dxc3 13. bxc3 f5 14. Qb3+ Kh8 15.
Be3 fxe4 16. Bxe4 d5 17. Bg2 Bg4 18. Rae1 d4 19. cxd4 Nf5 20. Bg1 exd4 21. Qxb7
Rb8 22. Qxa7 Rb2 23. Nc1 Rxg2 24. Kxg2 Qd5+ 25. Re4 Rc8 26. Bf2 Ra8 27. Qc7 Nd6
28. Rfe1 Nxe4 29. dxe4 Qh5 30. h4 Bf3+ 31. Kh2 h6 32. Qc6 Rf8 33. Qd5 Qxd5 34.
exd5 Bxd5 35. Rd1 Ra8 36. Bxd4 Bxd4 37. Rxd4 Bxa2 38. Nxa2 Rxa2+ 39. Kh3 Kg7
40. Rd6 Ra3 41. Kg2 Ra4 42. Kf3 Ra3+ 43. Kg2 1/2-1/2

[Event "Campionato Italiano Femminile"]
[Site "Bratto"]
[Date "2002.08.27"]
[Round "8"]
[White "Ambrosi, Eleonora"]
[Black "Decataldo, Alba"]
[Result "1-0"]
[WhiteElo "2067"]
[BlackElo "1899"]
[PlyCount "111"]
[EventDate "2002.08.20"]
[SourceDate "2002.09.07"]

1. d4 Nf6 2. Nd2 d5 3. Ngf3 e6 4. c4 Be7 5. g3 O-O 6. Bg2 c5 7. cxd5 exd5 8.
O-O Nc6 9. dxc5 Bxc5 10. Nb3 Bb6 11. Bg5 h6 12. Bxf6 Qxf6 13. Qd2 Bg4 14. Rad1
Rad8 15. h3 Bf5 16. Nbd4 Be4 17. e3 Rc8 18. Nxc6 bxc6 19. Nd4 Bxg2 20. Kxg2 c5
21. Nf3 Rfd8 22. Qe2 Qf5 23. Nh4 Qe4+ 24. Qf3 Qe6 25. Nf5 Rc7 26. Qg4 Qf6 27.
e4 d4 28. f4 Kh7 29. e5 Qg6 30. Qxg6+ Kxg6 31. Nd6 c4 32. Rc1 c3 33. bxc3 Rxc3
34. Rxc3 dxc3 35. Rc1 Ba5 36. Kf3 Rd7 37. Ke3 a6 38. Nc4 Bb4 39. a3 Bc5+ 40.
Ke2 Bd4 41. Nd6 f6 42. f5+ Kh7 43. e6 Re7 44. Ne4 g6 45. g4 gxf5 46. gxf5 Rc7
47. Kd3 Be5 48. Nxc3 h5 49. Ne2 Rxc1 50. Nxc1 Bd6 51. a4 h4 52. Kc4 a5 53. Kd5
Be7 54. Nb3 Kg7 55. Nxa5 Kf8 56. Nc6 1-0

[Event "Campionato Italiano Femminile"]
[Site "Bratto"]
[Date "2002.08.27"]
[Round "8"]
[White "Bertozzi, Anna"]
[Black "Clappa, Ilaria"]
[Result "0-1"]
[WhiteElo "1479"]
[BlackElo "1561"]
[PlyCount "64"]
[EventDate "2002.08.20"]
[SourceDate "2002.09.07"]

1. e4 e6 2. d4 d5 3. Nd2 Nf6 4. e5 Nfd7 5. Ngf3 c5 6. c3 Nc6 7. Be2 a5 8. a4
Qb6 9. Nb3 Be7 10. Rb1 cxd4 11. cxd4 O-O 12. O-O f6 13. exf6 Nxf6 14. Re1 Qc7
15. Bd3 Nb4 16. Bb5 Ng4 17. g3 Bd6 18. Re2 Rxf3 19. Rxe6 Bxe6 20. Qxf3 Rf8 21.
Qe2 Qf7 22. Be3 Qf5 23. Re1 h5 24. h3 Nxe3 25. Qxe3 Bc8 26. Rc1 Qxh3 27. Nxa5
h4 28. Rc3 hxg3 29. fxg3 Bd7 30. Be2 Bg4 31. Bb5 Bf3 32. Qf2 Qh1# 0-1

[Event "Campionato Italiano Femminile"]
[Site "Bratto"]
[Date "2002.08.27"]
[Round "8"]
[White "Bianchini, Aurora"]
[Black "Panella, Fiammetta"]
[Result "0-1"]
[WhiteElo "1552"]
[BlackElo "1693"]
[PlyCount "78"]
[EventDate "2002.08.20"]
[SourceDate "2002.09.07"]

1. d4 d5 2. c4 e6 3. Nc3 Nf6 4. Bg5 Nbd7 5. cxd5 exd5 6. a3 Be7 7. Nf3 O-O 8.
e3 Re8 9. Bd3 c6 10. Qc2 h6 11. Bf4 Nf8 12. O-O Nh5 13. Ne2 Bg4 14. Ne5 Bxe2
15. Qxe2 Nxf4 16. exf4 Bd6 17. Qg4 Qf6 18. g3 Ne6 19. f5 Nf8 20. Nf3 b6 21. b4
a5 22. Rfc1 Rec8 23. b5 c5 24. Bc2 cxd4 25. Bb3 Rxc1+ 26. Rxc1 Bxa3 27. Rc6 Qd8
28. Nxd4 Bc5 29. f6 Ng6 30. fxg7 Ne5 31. Qh5 Bxd4 32. Qxh6 Nf3+ 33. Kg2 Bxg7
34. Qe3 Ne5 35. Rc2 a4 36. Ba2 Ra5 37. Qe2 Qd7 38. Qd2 Rxb5 39. f4 Ng6 0-1

[Event "Campionato Italiano Femminile"]
[Site "Bratto"]
[Date "2002.08.27"]
[Round "8"]
[White "Costantini, Laura"]
[Black "Santurbano, Maria Vincenza"]
[Result "0-1"]
[WhiteElo "2047"]
[BlackElo "1743"]
[PlyCount "60"]
[EventDate "2002.08.20"]
[SourceDate "2002.09.07"]

1. e4 c5 2. Nc3 e5 3. Bc4 d6 4. d3 Nf6 5. f4 Nc6 6. Nf3 Be7 7. O-O a6 8. a4 O-O
9. f5 Bd7 10. h3 Na5 11. Ba2 b5 12. axb5 axb5 13. g4 b4 14. Nd5 Nxd5 15. Bxd5
Bc6 16. Bxc6 Nxc6 17. Be3 Qd7 18. Kh2 d5 19. g5 Rxa1 20. Qxa1 c4 21. Qa4 cxd3
22. cxd3 dxe4 23. dxe4 Qd3 24. Rg1 Qxe3 25. Qxc6 Qf4+ 26. Rg3 Kh8 27. Kg2 Rd8
28. Qc7 Qe3 29. Qc2 b3 30. Qb1 Qe2+ 0-1

[Event "Campionato Italiano Femminile"]
[Site "Bratto"]
[Date "2002.08.27"]
[Round "8"]
[White "Dieni, Eleonora"]
[Black "Castellano, Fulvia"]
[Result "0-1"]
[WhiteElo "1600"]
[BlackElo "1495"]
[PlyCount "93"]
[EventDate "2002.08.20"]
[SourceDate "2002.09.07"]

1. e4 c5 2. Nf3 d6 3. d4 cxd4 4. Nxd4 Nf6 5. Nc3 e6 6. Bg5 Be7 7. Bd3 Nc6 8.
Nb3 O-O 9. O-O a6 10. f4 e5 11. f5 b5 12. a3 Bb7 13. Bxf6 Bxf6 14. Qg4 Qb6+ 15.
Kh1 Nd4 16. Nxd4 Qxd4 17. Rab1 b4 18. Ne2 Qc5 19. axb4 Qxb4 20. Ng3 Qd2 21. h4
Qh6 22. Nh5 d5 23. Nxf6+ Qxf6 24. h5 Rfd8 25. Rf3 Rac8 26. c3 dxe4 27. Bxe4 Rc4
28. Re1 Rd2 29. b3 Rxe4 30. Rxe4 Bxe4 31. Qxe4 Rd1+ 32. Kh2 Qb6 33. c4 Qc7 34.
f6 Rd4 35. Qa8+ Rd8 36. Qxa6 e4+ 37. Rg3 e3 38. Qa2 Qf4 39. fxg7 Qh4+ 40. Rh3
Qf4+ 41. Rg3 Qh4+ 42. Rh3 Qe1 43. Rxe3 Qxe3 44. Qb1 Qf4+ 45. Kh3 Qe3+ 46. Kg4
Rd4+ 47. Kf5 0-1

[Event "Campionato Italiano Femminile"]
[Site "Bratto"]
[Date "2002.08.27"]
[Round "8"]
[White "Nenzi, Laura"]
[Black "Sirletti, Sonia"]
[Result "0-1"]
[WhiteElo "1591"]
[BlackElo "1786"]
[PlyCount "54"]
[EventDate "2002.08.20"]
[SourceDate "2002.09.07"]

1. e4 e6 2. d4 d5 3. Nc3 dxe4 4. Nxe4 Bd7 5. Nf3 Bc6 6. Bd3 Nd7 7. O-O Ngf6 8.
Ng3 Bxf3 9. Qxf3 c6 10. b3 g6 11. Bb2 Bg7 12. c4 O-O 13. Rad1 Rc8 14. Bb1 b5
15. d5 cxd5 16. cxd5 Nxd5 17. Bxg7 Kxg7 18. Ne4 N7f6 19. Nxf6 Qxf6 20. Qxf6+
Kxf6 21. g3 Rfd8 22. Rd2 Nc3 23. Rb2 b4 24. Re1 Rd4 25. Kg2 Rcd8 26. Bc2 Rd2
27. Re3 Nd1 0-1

[Event "Campionato Italiano Femminile"]
[Site "Bratto"]
[Date "2002.08.27"]
[Round "8"]
[White "Sautto, Alessandra"]
[Black "Fittante, Giuliana"]
[Result "1-0"]
[WhiteElo "1677"]
[BlackElo "1794"]
[PlyCount "119"]
[EventDate "2002.08.20"]
[SourceDate "2002.09.07"]

1. e4 e5 2. Nf3 Nf6 3. Nxe5 d6 4. Nf3 Nxe4 5. Qe2 Qe7 6. d3 Nf6 7. Bg5 Be6 8.
Nd4 Nc6 9. Nxe6 fxe6 10. c3 O-O-O 11. g3 h6 12. Be3 Kb8 13. Bg2 d5 14. d4 e5
15. dxe5 Nxe5 16. O-O Nc4 17. Re1 Nxe3 18. Qxe3 Qxe3 19. Rxe3 Bc5 20. Re2 Ng4
21. Bf3 h5 22. Kg2 c6 23. Nd2 Rh6 24. h3 Nf6 25. Nb3 Bd6 26. Nd4 g6 27. Re6 Ng8
28. Rae1 Kc7 29. Bd1 a6 30. Nf3 Rd7 31. Bc2 Rg7 32. h4 Kd7 33. Kf1 Rf7 34. Ng5
Rf6 35. Rxf6 Nxf6 36. Nf7 Rh7 37. Nxd6 Kxd6 38. Bxg6 Rg7 39. Bf5 Nd7 40. Bxd7
Kxd7 41. Re3 Rg6 42. Ke2 Kd6 43. f4 c5 44. Kf3 b5 45. Re5 Rh6 46. Rg5 a5 47. a3
Rh7 48. g4 hxg4+ 49. Kxg4 Rb7 50. h5 d4 51. cxd4 cxd4 52. Kf3 Kc6 53. Ke4 Rd7
54. Kd3 Rd8 55. h6 Rh8 56. Rh5 b4 57. axb4 axb4 58. h7 Kd6 59. Kxd4 Ke6 60. Kc4
1-0

[Event "Campionato Italiano Femminile"]
[Site "Bratto"]
[Date "2002.08.27"]
[Round "8"]
[White "Tonel, Giulia"]
[Black "Brunello, Roberta"]
[Result "0-1"]
[WhiteElo "1500"]
[BlackElo "1600"]
[PlyCount "80"]
[EventDate "2002.08.20"]
[SourceDate "2002.09.07"]

1. e4 e5 2. Nf3 Nc6 3. Bc4 Be7 4. c3 Nf6 5. d3 O-O 6. Bb3 d6 7. O-O Be6 8. Bc2
d5 9. Qe2 Bc5 10. Nbd2 dxe4 11. dxe4 Qe7 12. h3 Rad8 13. Rd1 Bb6 14. Nf1 Rxd1
15. Qxd1 Rd8 16. Qe2 Qc5 17. Be3 Bc4 18. Rd1 Qxe3 19. Rxd8+ Nxd8 20. Nxe3 Bxe2
21. Nxe5 Bxe3 22. fxe3 Kf8 23. Kf2 Bb5 24. Kf3 Nd7 25. Ng4 Ke7 26. Nf2 Ne6 27.
g4 Ne5+ 28. Kg3 Be2 29. a4 Nc4 30. b3 Nxe3 31. Bb1 Nd1 32. c4 Nxf2 33. Kxf2 Bd1
34. Ba2 h5 35. Ke1 Bf3 36. Kf2 hxg4 37. Kg3 Bxe4 38. Kxg4 Bc2 39. h4 Nd4 40. h5
Bxb3 0-1

[Event "Campionato Italiano Femminile"]
[Site "Bratto"]
[Date "2002.08.27"]
[Round "8"]
[White "Vittimberga, Valeria"]
[Black "Brunello, Marina"]
[Result "1-0"]
[WhiteElo "1482"]
[BlackElo "1500"]
[PlyCount "77"]
[EventDate "2002.08.20"]
[SourceDate "2002.09.07"]

1. e4 e5 2. Nf3 Nc6 3. Bb5 a6 4. Ba4 b5 5. Bb3 Nf6 6. O-O Be7 7. Re1 Bb7 8. c3
O-O 9. d4 exd4 10. cxd4 d6 11. Nbd2 Re8 12. Ng5 Rf8 13. Ndf3 h6 14. Nh3 Na5 15.
Bc2 c5 16. d5 Bc8 17. Nf4 Bg4 18. h3 Bxf3 19. Qxf3 Nc4 20. Nd3 Nd7 21. b3 Nce5
22. Nxe5 Nxe5 23. Qe2 Qd7 24. f4 Ng6 25. Qe3 Bf6 26. e5 dxe5 27. Qf3 exf4 28.
Rb1 Rfe8 29. Bxf4 Nxf4 30. Qxf4 Qxd5 31. Be4 Bd4+ 32. Kh1 Qd7 33. Bxa8 Rxa8 34.
Re2 Bc3 35. Qf3 Rd8 36. Qxc3 Qc7 37. Rbe1 Kh7 38. Qc2+ g6 39. Re7 1-0

[Event "Campionato Italiano Femminile"]
[Site "Bratto"]
[Date "2002.08.28"]
[Round "9"]
[White "Brunello, Marina"]
[Black "Bianchini, Aurora"]
[Result "1/2-1/2"]
[WhiteElo "1500"]
[BlackElo "1552"]
[PlyCount "94"]
[EventDate "2002.08.20"]
[SourceDate "2002.09.07"]

1. e4 e5 2. Nf3 Nc6 3. d4 exd4 4. Nxd4 Bc5 5. Be3 Qf6 6. c3 Nge7 7. Bc4 Nxd4 8.
cxd4 Bb4+ 9. Nc3 Qg6 10. Qf3 O-O 11. O-O Bxc3 12. bxc3 d6 13. h3 Nc6 14. Rab1
a6 15. Bd5 Re8 16. e5 dxe5 17. Be4 Qe6 18. d5 Qd6 19. dxc6 b6 20. Rfd1 Qa3 21.
Bd5 Rf8 22. Bb3 Qe7 23. Re1 Qd6 24. Rbd1 Qg6 25. Bc4 e4 26. Qg3 Qxg3 27. fxg3
Bf5 28. Bf4 Ra7 29. Bd5 Re8 30. Bxe4 Be6 31. Bd5 Kf8 32. Bxe6 fxe6 33. Rd7 Re7
34. Rf1 Ke8 35. Rxe7+ Kxe7 36. Rd1 Kf6 37. Rd7 e5 38. Be3 a5 39. Bxb6 Ra6 40.
Bxa5 Rxa5 41. Rxc7 Rc5 42. Kf2 Rxc3 43. Kg1 Rc1+ 44. Kh2 e4 45. Rc8 Kf7 46. Rb8
Rxc6 47. Rb2 Re6 1/2-1/2

[Event "Campionato Italiano Femminile"]
[Site "Bratto"]
[Date "2002.08.28"]
[Round "9"]
[White "Brunello, Roberta"]
[Black "Nenzi, Laura"]
[Result "0-1"]
[WhiteElo "1600"]
[BlackElo "1591"]
[PlyCount "84"]
[EventDate "2002.08.20"]
[SourceDate "2002.09.07"]

1. e4 e5 2. Nf3 Nc6 3. d4 exd4 4. Nxd4 Bc5 5. Be3 Qf6 6. c3 Nge7 7. Bc4 O-O 8.
O-O Bb6 9. Re1 d6 10. Nxc6 Nxc6 11. Bxb6 axb6 12. Nd2 Qg6 13. Kh1 Ne5 14. Bb3
Nd3 15. Re2 Nf4 16. f3 Nxe2 17. Qxe2 Be6 18. a3 Rae8 19. Rc1 Kh8 20. Bc2 f6 21.
e5 Bf5 22. Ba4 c6 23. Qf2 b5 24. Bb3 fxe5 25. a4 bxa4 26. Bxa4 d5 27. Nf1 Ra8
28. Bb3 Qf6 29. Ng3 Bg6 30. Qb6 Qf7 31. Re1 e4 32. fxe4 Bxe4 33. h3 Bg6 34. Kg1
Rae8 35. Ra1 Qe7 36. Kh1 h5 37. Kg1 Qe3+ 38. Qxe3 Rxe3 39. Nh1 Re2 40. Ra7 Rf7
41. c4 Rxb2 42. Ba2 Be4 0-1

[Event "Campionato Italiano Femminile"]
[Site "Bratto"]
[Date "2002.08.28"]
[Round "9"]
[White "Clappa, Ilaria"]
[Black "Sautto, Alessandra"]
[Result "1/2-1/2"]
[WhiteElo "1561"]
[BlackElo "1677"]
[PlyCount "32"]
[EventDate "2002.08.20"]
[SourceDate "2002.09.07"]

1. d4 d5 2. Nf3 Nf6 3. c4 e6 4. Nc3 Be7 5. Bg5 Nbd7 6. e3 h6 7. Bh4 O-O 8. Bd3
a6 9. a4 c6 10. O-O Re8 11. cxd5 exd5 12. h3 Ne4 13. Bxe7 Qxe7 14. Nd2 f5 15.
Re1 Qh4 16. Ndxe4 fxe4 1/2-1/2